Fußball: Alle Spieler für Borussia Mönchengladbach seit 2014 - Statistiken

Allgemein
  • Dieses Quiz wurde 667 mal gespielt
  • Das Durchschnittsergebnis liegt bei 26 aus 71
Antwortstatistiken
Spiele Jahre Position Nationalität Antwort % Korrekt
272 2014 - 2023 TOR SUI Yann Sommer
96%
152 2018 - ST FRA Alassane Plea
85%
111 2019 - 2023 ST FRA Marcus Thuram
84%
230 2015 - AW SUI Nico Elvedi
80%
343 2008 - MF DEU Patrick Herrmann
80%
164 2013 - 2020 ST BRA Raffael
80%
229 2013 - 2015, 2016 - MF DEU Christoph Kramer
77%
244 2011 - 2021 AW SWE Oscar Wendt
75%
243 2006 - AW DEU Tony Jantschke
75%
222 2015 - 2023 MF DEU Lars Stindl
73%
184 2016 - 2023 MF DEU Jonas Hofmann
67%
102 2019 - AW AUT Stefan Lainer
64%
147 2014 - 2019 ST BEL Thorgan Hazard
62%
147 2018 - MF DEU Florian Neuhaus
61%
108 2012 - 2016 MF SUI Granit Xhaka
61%
95 2019 - 2023 AW ALG Ramy Bensebaini
60%
58 2021 - AW USA Joe Scally
59%
88 2019 - 2022 ST SUI Breel Embolo
58%
15 2023 - TOR SUI Jonas Omlin
56%
154 2017 - 2022 AW DEU Matthias Ginter
55%
18 2015 - TOR DEU Tobias Sippel
51%
24 2022 - AW JPN Ko Itakura
49%
125 2017 - 2022 MF SUI Denis Zakaria
48%
57 2021 - MF FRA Kouadio Koné
46%
156 2007 - 2016 AW NED Roel Brouwers
46%
99 2014 - 2021 ST GUI Ibrahima Traoré
44%
44 2021 - AW DEU Luca Netz
44%
23 2022 - MF DEU Julian Weigl
43%
118 2011 - 2016 AW AUT Martin Stranzl
43%
66 2016 - 2018 AW DEN Jannik Vestergaard
41%
72 2009 - 2012, 2017 - 2018 ST PAR Raul Bobadilla
40%
105 2014 - 2020 MF USA Fabian Johnson
39%
81 2012 - 2016 AW SPA Alvaro Dominguez
37%
3 2020 - 2021, 2022 - MF DEU Rocco Reitz
37%
152 2011 - 2016 AW NOR Havard Nordtveit
34%
62 2015 - 2017 AW DEN Andreas Christensen
33%
66 2013 - 2015 ST DEU Max Kruse
32%
68 2014 - 2017 MF DEU Andre Hahn
31%
4 2022 - TOR DEU Jan Olschowsky
30%
31 2022 - AW DEU Marvin Friedrich
29%
69 2012 - 2016 ST SWE Branimir Hrgota
28%
61 2014 - 2017 MF DEU Mahmoud Dahoud
27%
43 2015 - 2019 ST SUI Josip Drmic
25%
53 2016 - 2022 MF SVK Laszlo Benes
25%
57 2020 - MF AUT Hannes Wolf
23%
76 2009 - 2017 AW DEU Julian Korb
21%
17 2017 - 2018 MF ITA Vincenzo Grifo
21%
20 2022 - MF FRA Nathan Ngoumou
20%
3 2022 - ST LUX Yvandro Borges Sanches
17%
2 2016 - AW FRA Mamadou Doucouré
15%
35 2017 - 2019 MF FRA Michael Cuisance
15%
17 2018 - 2019, 2020 - 2021 AW SUI Michael Lang
15%
66 2016 - 2020 MF DEU Tobias Strobl
15%
33 2015 - 2022 AW DEU Louis Jordan Beyer
14%
8 2014 - 2017 MF DEU Marvin Schulz
14%
13 2015 - 2017 AW DEU Nico Schulz
14%
10 2016 AW AUT Martin Hinteregger
13%
7 2017 AW ENG Reece Oxford
13%
1 2015 - 2017 MF SUI Djibril Sow
12%
22 2020 - 2021 MF AUT Valentino Lazaro
12%
3 2021 - MF IRL Conor Noß
11%
2 2022 - MF DEN Oscar Fraulo
11%
1 2017 - 2018 ST PAR Julio Villalba
9%
5 2018 - 2020, 2021 - 2022 MF ENG Keanan Bennetts
9%
1 2016 - 2017 ST DEU Ba-Muaka Simakala
7%
1 2017 - 2018 AW DEU Florian Mayer
7%
3 2022 - ST DEU Semir Telalovic
7%
1 2017 - 2018 AW ENG Mandela Egbo
6%
1 2017 AW FRA Timothee Kolodziejczak
5%
2 2018 - 2022 MF DEU Torben Müsel
5%
1 2017 - 2018 MF DEU Marcel Benger
4%
Keine übereinstimmenden Quizze gefunden
Verteilung der Resultate
Anzahl Personen mit jedem Resultat
Perzentil nach korrekt beantworteten Fragen
Ihre Resultats-Entwicklung
Sie haben dieses Quiz noch nicht gespielt